| 000 | 00464nam a2200193Ia 4500 | ||
|---|---|---|---|
| 005 | 20240823043944.0 | ||
| 008 | 240823s9999||||xx |||||||||||||| ||und|| | ||
| 020 | _a0-07-048685-9 | ||
| 041 | _aENGLISH | ||
| 082 | _A658.1511 P2 | ||
| 100 | _aJames Jiambalvo | ||
| 245 | 0 | _aManagerial Accounting | |
| 250 | _a5th | ||
| 260 |
_c2002 _bJohn Wiley & Son |
||
| 500 | _aTRANSFERED | ||
| 650 |
_aAccountancy _bManagement Studies |
||
| 942 | _cBK | ||
| 999 |
_c211435 _d211435 |
||